|
|
|
|
| LEADER |
01447nam a2200289 a 4500 |
| 001 |
3732 |
| 003 |
BD-DhAAL |
| 005 |
20141207111252.0 |
| 008 |
141207s1989 ph b 000 0 eng d |
| 010 |
|
|
|a 91945074
|
| 020 |
|
|
|a 9718610154
|
| 040 |
|
|
|a WIX
|c WIX
|d LNN
|d BD-DhAAL
|
| 050 |
0 |
0 |
|a HN720.Z9
|b C6765 1988
|
| 082 |
|
|
|2 22
|a 307.1/412/09599
|
| 111 |
2 |
|
|a Seminar-Workshop on Process Documentation Research
|d (1988 :
|c Tagaytay City, Philippines)
|9 6670
|
| 245 |
1 |
2 |
|a A decade of process documentation research :
|b reflections and synthesis, based on the proceedings of the Seminar-Workshop on Process Documentation Research held on 21-24 January 1988 in Tagaytay City, Philippines /
|c edited by Cynthia C. Veneracion.
|
| 260 |
|
|
|a Quezon City :
|b Institute of Philippine Culture, Ateneo de Manila University,
|c 1989.
|
| 300 |
|
|
|a 127 p. :
|b ill. ;
|c 25 cm.
|
| 504 |
|
|
|a Includes bibliographical references (p. 115-122).
|
| 541 |
|
|
|e 3732
|
| 650 |
|
0 |
|a Community development
|x Research
|z Philippines
|x Congresses.
|9 6671
|
| 650 |
|
0 |
|a Social sciences
|x Research
|z Philippines
|x Congresses.
|9 6672
|
| 700 |
1 |
|
|a Veneracion, Cynthia C.
|9 6673
|
| 710 |
2 |
|
|a Ateneo de Manila University.
|b Institute of Philippine Culture.
|9 6674
|
| 942 |
|
|
|2 ddc
|c BK
|
| 999 |
|
|
|c 33253
|d 33253
|
| 952 |
|
|
|0 0
|1 0
|2 ddc
|4 0
|6 307_141209599000000_DEC
|7 0
|9 44400
|a BRACUL
|b BRACUL
|c GEN
|d 2014-12-07
|g 0.00
|l 0
|o 307.141209599 DEC
|p 3010003732
|r 2014-12-07
|t 1
|w 2014-12-07
|y BK
|z Not price in Register
|